Nghệ thuật giao tiếp
Nghệ thuật vận dụng những nghi thức giao tiếp, ứng xử hàng ngày trong những tình huống cụ thể: Giao tiếp tại bàn ăn, tại nhà hàng, trong vai trò là chủ tiệc. Hướng dẫn cách tổ chức tiệc. Cách giao tiếp khi là khách được mời. Nếp sống...
Saved in:
| Main Author: | |
|---|---|
| Format: | Book |
| Language: | Undetermined |
| Published: |
Long An
Nxb. Long An
1989
|
| Subjects: | |
| Tags: |
Add Tag
No Tags, Be the first to tag this record!
|
| Institutions: | Trung tâm Học liệu Trường Đại học Cần Thơ |
|---|
| LEADER | 01036nam a2200193Ia 4500 | ||
|---|---|---|---|
| 001 | CTU_16300 | ||
| 008 | 210402s9999 xx 000 0 und d | ||
| 082 | |a 370.153 | ||
| 082 | |b O.85 | ||
| 100 | |a Ostrander, Sieila | ||
| 245 | 0 | |a Nghệ thuật giao tiếp | |
| 245 | 0 | |c Sieila Ostrander ; Trịnh Quang Dũng, Bùi Viết Thuyên (Biên dịch) | |
| 260 | |a Long An | ||
| 260 | |b Nxb. Long An | ||
| 260 | |c 1989 | ||
| 520 | |a Nghệ thuật vận dụng những nghi thức giao tiếp, ứng xử hàng ngày trong những tình huống cụ thể: Giao tiếp tại bàn ăn, tại nhà hàng, trong vai trò là chủ tiệc. Hướng dẫn cách tổ chức tiệc. Cách giao tiếp khi là khách được mời. Nếp sống ở kí túc xá, chung cư, nhà riêng.. | ||
| 650 | |a Psychology, applied,Tâm lý học ứng dụng | ||
| 904 | |i Nguyễn Quang Điền, 970520 | ||
| 980 | |a Trung tâm Học liệu Trường Đại học Cần Thơ | ||